LIBRARY & INFORMATION CENTRE, KCAET, TAVANUR

ONLINE PUBLIC ACCESS CATALOGUE (OPAC)

H.G Wells / (Record no. 2358)

MARC details
000 -LEADER
fixed length control field 00343cam a2200145ua 4500
041 ## - LANGUAGE CODE
Language code of text/sound track or separate title eng
100 ## - MAIN ENTRY--AUTHOR NAME
Personal name Mullik, B.R .
245 ## - TITLE STATEMENT
Title H.G Wells /
260 ## - PUBLICATION, DISTRIBUTION, ETC. (IMPRINT)
Place of publication New Delhi :
Name of publisher S.Chand & Sons ,
Year of publication 1959.
300 ## - PHYSICAL DESCRIPTION
Number of Pages 70 ; .
650 ## - SUBJECT ADDED ENTRY--TOPICAL TERM
Topical Term Literature-English
942 ## - ADDED ENTRY ELEMENTS (KOHA)
Koha item type Books
Holdings
Withdrawn status Lost status Damaged status Home library Current library Date acquired Accession Number Koha item type
Withdrawn     KAUAET Sanskrit University 07/04/2012 10010 Books
free website counter